Manual of basic techniques for a health laboratory / (Record no. 136793)
[ view plain ]
| 000 -LEADER | |
|---|---|
| fixed length control field | 00732nam a2200217 4500 |
| 010 ## - LIBRARY OF CONGRESS CONTROL NUMBER | |
| LC control number | A-834966 |
| 020 ## - INTERNATIONAL STANDARD BOOK NUMBER | |
| International Standard Book Number | 8185086141 |
| 035 ## - SYSTEM CONTROL NUMBER | |
| System control number | A-834966 |
| 037 ## - SOURCE OF ACQUISITION | |
| Source of stock number/acquisition | Cen Lib / Ret |
| 040 ## - CATALOGING SOURCE | |
| Original cataloging agency | DPL |
| Language of cataloging | EN |
| 082 ## - DEWEY DECIMAL CLASSIFICATION NUMBER | |
| Classification number | 616.075 |
| Item number | MAN |
| 110 ## - MAIN ENTRY--CORPORATE NAME | |
| Subordinate unit | World Health Organization. |
| 245 ## - TITLE STATEMENT | |
| Title | Manual of basic techniques for a health laboratory / |
| Statement of responsibility, etc | by World Health Organization. |
| 260 ## - PUBLICATION, DISTRIBUTION, ETC. (IMPRINT) | |
| Place of publication, distribution, etc | Calcutta |
| Name of publisher, distributor, etc | Academic Publishers |
| Date of publication, distribution, etc | 1980 |
| 270 ## - ADDRESS | |
| Address | 12/1A, Bankim Chatterjee street |
| City | Calcutta |
| Postal code | 700006 |
| 300 ## - PHYSICAL DESCRIPTION | |
| Extent | 487p ; |
| Other physical details | 27cm(Hb) |
| 650 ## - SUBJECT ADDED ENTRY--TOPICAL TERM | |
| Topical term or geographic name as entry element | Medical laboratory technology -- Laboratory manuals. |
| 650 ## - SUBJECT ADDED ENTRY--TOPICAL TERM | |
| Topical term or geographic name as entry element | Laboratory Techniques and Procedures. |
| 650 ## - SUBJECT ADDED ENTRY--TOPICAL TERM | |
| Topical term or geographic name as entry element | Developing Countries. |
| 942 ## - ADDED ENTRY ELEMENTS (KOHA) | |
| Source of classification or shelving scheme | Dewey Decimal Classification |
| Koha item type | English Books |
| Classification part | 616.075 |
| Call number suffix | MAN |
| Withdrawn status | Lost status | Damaged status | Not for loan | Home library | Current library | Date acquired | Source of acquisition | Total Checkouts | Full call number | Barcode | Date last seen | Copy number | Price effective from | Koha item type |
|---|---|---|---|---|---|---|---|---|---|---|---|---|---|---|
| Central Library | Central Library | 09/03/2016 | Cen Lib/Ret | 616.075 MAN | A-834966 | 09/03/2016 | 1 | 09/03/2016 | English Books |
